[Event "Chess House GM-Tourney 2018"]
[Site "Aarhus"]
[Date "2018.02.13"]
[Round "4"]
[White "Olsen, Filip Boe"]
[Black "Kollars, Dmitrij"]
[Result "0-1"]
[WhiteElo "2300"]
[BlackElo "2509"]
[Annotator "TA"]
[PlyCount "128"]
[EventDate "2018.??.??"]
[EventType "tourn"]
[EventCountry "DEN"]
[SourceTitle "playchess.com"]
[Source "ChessBase"]
[SourceQuality "1"]

{[%evp 30,128,8,8,9,10,13,4,5,11,9,-48,-47,-57,0,-22,-22,-22,-22,-18,-19,-18,0,-30,-22,-22,-22,-22,-22,-22,-8,-8,-8,-8,-8,-8,-8,-6,-8,-16,-14,-112,-44,-45,-29,-29,-29,-37,-37,-45,-45,-69,-69,-69,-69,-69,-69,-69,-69,-67,-20,-20,-20,-215,-225,-219,-212,-195,-8,-214,-187,-330,-333,-575,-535,-449,-228,-200,-211,-184,-188,-373,-358,-336,-336,-339,-325,-718,-718,-718,-710,-676,-679,-676,-671,-1156,-1096,-991,-905,-6119,-6111]} 1. d4 d5 2. c4 dxc4 3. Nf3 a6 4. e3 Bg4 5. Bxc4 e6 6. O-O Nf6 7. Nc3 Nc6 8. Be2 Bd6 9. h3 Bh5 10. b3 O-O 11. Bb2 Qe7 12. Ne5 Bxe2 {D22: Queen's Gambit Accepted: 3 Nf3 a6 4 e3} 13. Nxc6 Bxd1 (13... Qe8 14. Qxe2 Qxc6 15. Rac1 Ne4 16. Rfd1 Nxc3 17. Rxc3 Qb5 18. Rc2 f5 19. e4 fxe4 20. Qxe4 {½-½ (53) Sundararajan,K (2442)-Sasikiran,K (2658) Barcelona 2016}) 14. Nxe7+ Bxe7 15. Rfxd1 Rfd8 16. Rac1 {LiveBook: 3 Games} Rac8 17. Na4 $146 Nd5 18. Nc5 Bxc5 19. Rxc5 f5 20. Kf1 (20. Bc1 $11) 20... e5 $1 $15 21. g4 fxg4 (21... e4 $15) 22. hxg4 e4 23. Ke2 c6 24. Rcc1 Rf8 25. Rh1 Rf6 26. Rcg1 g5 27. Rh5 h6 28. Rc1 Rcf8 29. Rh2 Nb4 30. Ba3 Nd3 {[%cal Rf6f2]} 31. Rf1 $1 R8f7 32. Bc5 b5 33. a3 a5 {[%cal Ba6a5,Ba5a4][%mdl 32]} 34. Bb6 $1 a4 $36 {[%mdl 2048] Black has some pressure.} 35. b4 (35. bxa4 $11 {remains equal.} bxa4 36. Ba5) 35... Rf3 ({Better is} 35... Kf8 $17 36. Bd8 Rf3) 36. Bc5 Kg7 37. Bd6 Kg6 38. Bg3 Nb2 39. Rfh1 Rh7 40. Rg2 Nc4 41. Ra1 h5 42. gxh5+ Rxh5 43. Bc7 Kf5 44. Bd8 g4 45. Bc7 $1 Rhh3 {[%cal Rc4e3]} 46. Rag1 $2 {[#]} (46. Rc1 $1 $11) 46... Nxe3 $1 $19 {[%mdl 512]} 47. fxe3 Rxe3+ 48. Kd1 Rd3+ $1 {[%mdl 1024] Black has strong compensation.} (48... Rxa3 49. Rxg4 Rhd3+ 50. Ke1 $15) 49. Kc1 $2 {[#]} (49. Kc2 $11) 49... Rc3+ $1 ({And not} 49... Rxd4 50. Rxg4 Rxa3 51. Rg5+ Ke6 52. R1g4 $11) 50. Kb2 (50. Rc2 {is a better defense.}) 50... Rb3+ ({Weaker is} 50... Rxa3 51. Rxg4 Rhb3+ 52. Kc1 $17) 51. Kc2 $2 {[#]} (51. Kc1 {was called for.} Rhc3+ 52. Rc2) 51... Rhc3+ $1 52. Kd1 Rb1+ (52... e3 $142 {( -> ...Ke4)} 53. Ke2 (53. Rxg4 {leads to mate.} Rb1+ 54. Ke2 Rb2+ 55. Kf3 e2+ 56. Kg2 e1=R+ 57. Kh1 Rh3+ 58. Bh2 Rhxh2#) 53... Rxa3 54. Rf1+ Ke6) 53. Kd2 Rxg1 54. Rxg1 Rxa3 {[%mdl 4096] Endgame KRB-KR} 55. Be5 $2 (55. Ke2 {only move.}) 55... Rb3 56. Rf1+ Rf3 57. Rc1 {intending Rc5.} g3 {[%cal Bg4g3,Bg3g2][%mdl 32]} 58. Rxc6 $2 (58. Rc5 g2 59. Bh2+ Kg4 60. Rxc6) 58... g2 {Black is clearly winning.} 59. Bh2 Rf1 {White must now prevent ...Rh1.} 60. Rc5+ Kf6 {Hoping for ...a3.} 61. Rc6+ Ke7 62. Ke2 Rh1 63. Kf2 Rxh2 64. Rc5 a3 {Precision: White = 49%, Black = 74%.} 0-1

[Event "Chess House GM-Tourney 2018"]
[Site "Aarhus"]
[Date "2018.02.14"]
[Round "5"]
[White "Kveinys, Aloyzas"]
[Black "Thybo, Jesper Sondergaard"]
[Result "0-1"]
[WhiteElo "2550"]
[BlackElo "2479"]
[Annotator "TA"]
[PlyCount "64"]
[EventDate "2018.??.??"]
[EventType "tourn"]
[EventCountry "DEN"]
[SourceTitle "playchess.com"]
[Source "ChessBase"]
[SourceQuality "1"]

{[%evp 25,64,-7,17,0,0,-14,-7,0,0,0,0,0,15,8,79,0,0,0,-10,-78,-88,-78,-81,-240,-239,-316,-319,-400,-388,-421,-408,-621,-553,-807,-778,-694,-318,-1160,-1160,-1764,-1685]} 1. Nf3 Nf6 2. c4 e6 3. Nc3 d5 4. d4 Bb4 5. e3 O-O 6. Bd3 c5 7. O-O cxd4 8. exd4 dxc4 9. Bxc4 b6 10. Bg5 Bb7 11. Re1 Nbd7 12. Rc1 Rc8 13. Bd3 Be7 14. Bb1 {E54: Nimzo-Indian: Rubinstein: Main Line: 7...dxc4 8 Bxc4} a6 15. Qd3 b5 16. a3 {The position is equal.} g6 17. Ba2 Re8 18. h4 {[#]} Nc5 $146 ({Predecessor:} 18... Nb6 19. Ne5 Nfd5 20. Nxd5 Bxd5 {½-½ (20) Lenic,L (2653)-Lupulescu,C (2630) Germany 2014}) 19. Qe3 {Threatens to win with Bxf6.} Nce4 (19... Ncd7 $11 {keeps the balance.}) 20. Ne5 ({White should play} 20. Nxe4 $16 Nxe4 21. Rxc8 Qxc8 22. Bxe7 Rxe7 23. h5 $1 {[%mdl 512]}) 20... Nxg5 $11 21. hxg5 {Hoping for Nxf7.} Nd7 22. Nxf7 (22. Nxd7 $1 $11 Qxd7 23. Rcd1) 22... Kxf7 $17 23. Bxe6+ Kg7 24. Qh3 $2 {[#]} (24. Qg3 $17) 24... Rc7 $1 $19 (24... Bxg5 25. Bxd7 Rxe1+ 26. Rxe1 $15) 25. Bf7 Rh8 ({Weaker is} 25... Kxf7 26. Qxh7+ Kf8 27. Re6 $16) 26. d5 Bxg5 ({And not} 26... Kxf7 27. Qe6+ Kf8 28. d6 $16) 27. d6 Rc5 28. f4 (28. Bb3 $142 Bc6 29. Rcd1) 28... Bf6 29. Be6 Rh5 30. Qe3 Nc5 (30... Re8 $142 31. Qf2 Nc5) 31. Bg4 $2 {[#]} (31. Bh3 Bc6 32. Red1) 31... Re8 $1 {[%mdl 512]} 32. Qd2 (32. Qxe8 Bd4+) 32... Nb3 {Precision: White = 21%, Black = 68%.} 0-1

[Event "Chess House GM-Tourney 2018"]
[Site "Aarhus"]
[Date "2018.02.14"]
[Round "5"]
[White "Vorobiov, Evgeny E."]
[Black "Miedema, David"]
[Result "1/2-1/2"]
[WhiteElo "2548"]
[BlackElo "2371"]
[Annotator "TA"]
[PlyCount "136"]
[EventDate "2018.??.??"]
[EventType "tourn"]
[EventCountry "DEN"]
[SourceTitle "playchess.com"]
[Source "ChessBase"]
[SourceQuality "1"]

{[%evp 22,136,0,0,0,-3,9,0,0,14,15,9,22,18,14,13,11,1,14,0,37,-12,-3,-6,0,-44,0,-16,17,30,67,13,23,14,14,12,12,12,12,12,12,12,12,13,18,13,19,20,25,9,14,10,10,10,48,41,84,80,73,72,74,70,135,135,127,114,114,114,118,75,86,83,81,79,104,77,89,90,107,100,100,95,98,62,68,68,64,58,58,58,58,58,58,58,58,55,58,36,58,58,58,56,56,8,8,8,8,8,8,8,8,8,8,0,0,0,0]} 1. d4 e6 2. c4 Nf6 {[%cal Bg8f6,Bf6d5,Bd5c3][%mdl 32]} 3. Nf3 d5 4. g3 dxc4 5. Bg2 Nc6 6. Qa4 Bb4+ 7. Bd2 Nd5 8. Qb5 {E04: Open Catalan: 5 Nf3} (8. Bxb4 Ndxb4 9. Nc3 Bd7 10. O-O a5 11. Qd1 O-O 12. e3 a4 13. Nxa4 Nxd4 14. Qxd4 Bxa4 15. Qxc4 Qe7 {½-½ (30) Matlakov,M (2718)-So,W (2792) Wijk aan Zee 2018}) 8... Bxd2+ 9. Nbxd2 c3 10. bxc3 Nxc3 11. Qd3 Nd5 12. O-O {LiveBook: 39 Games} O-O 13. Rfc1 Ncb4 {[%cal Bc6b4,Bb4a6,Ba6c7,Bc7d5][%mdl 32]} 14. Qb1 $146 {e4 is the strong threat.} ({Find the theoretical novelty and annotate with similar games:} 14. Qb3 a5 15. a3 Na6 {½-½ (51) Hilverda,A (2384)-Carstensen,J (2352) Berlin 2015}) 14... Na6 15. h4 f6 16. Qb3 c6 17. e4 Ne7 18. Nc4 Nc7 19. a4 Rb8 20. Rab1 Kh8 21. e5 {[%mdl 1024] White has compensation.} b6 22. Nd6 Bd7 23. Nd2 {[%cal Bf3d2,Bd2e4,Be4g5][%mdl 32]} Ncd5 24. N2e4 fxe5 25. Ng5 Be8 26. Qd3 (26. Nxe6 Qxd6 27. Nxf8 exd4 $17) (26. Qc2 $14 Bg6 27. Ndf7+ $1 {[%mdl 512]} Kg8 28. Nxd8 Bxc2 29. Rxc2 Rfxd8 30. dxe5) 26... Bg6 $11 {[#]} 27. Ndf7+ $1 {[%mdl 512]} Kg8 (27... Rxf7 28. Qxg6) 28. Qxg6 $1 Nxg6 29. Nxd8 Rfxd8 30. Rxc6 {Hoping for Bh3.} exd4 31. Nxe6 Rd7 $1 32. Nxd4 Nde7 33. Rc4 {White wants to play Bh3.} Ne5 34. Rcb4 Rbd8 35. Ne6 $36 {[%mdl 2048] White has the initiative.} Rd1+ 36. Bf1 Rxb1 37. Rxb1 Rd2 38. a5 Nf5 39. axb6 axb6 40. Rxb6 {And now Ng5 would win.} h6 41. Bh3 Nf3+ ({Better is} 41... Nxg3 $14 42. Rb8+ (42. fxg3 Nf3+ 43. Kf1 Nh2+ 44. Kg1 Nf3+ 45. Kf1 Nh2+ 46. Kg1 Nf3+ $11) 42... Kf7) 42. Kg2 $16 Ne1+ 43. Kf1 Nd3 44. Rb8+ ({Resist} 44. Bxf5 Rxf2+ 45. Kg1 Rxf5 $14) 44... Kf7 45. Rf8+ ({Don't play} 45. Bxf5 $6 Rxf2+ 46. Kg1 Rxf5 $11) (45. Nd8+ {NOTEXT} Kf6 46. Rb6+ Ke7 47. Nc6+ Kf7 48. Ne5+) 45... Kxe6 46. Rxf5 {[%mdl 4096] Endgame KRB-KRN} g6 47. Rf3+ Ke5 48. Kg1 Rd1+ {[#]} 49. Bf1 $1 Ne1 50. Re3+ Kf6 51. Rc3 g5 52. hxg5+ hxg5 53. Be2 Ra1 54. Kf1 Nf3+ 55. Kg2 Ne5 56. f3 Ra2 57. Kf2 Rb2 58. Ra3 Rb6 59. Ra4 Rd6 60. Ra8 Kf7 61. Rh8 Rf6 62. Rh7+ Kg6 {The position is equal.} 63. Re7 Nxf3 $1 64. Bd3+ Kh5 65. Rh7+ Kg4 66. Be2 {Threatens to win with Rh8.} Kf5 $1 67. g4+ Ke4 $1 68. Bxf3+ Rxf3+ {Precision: White = 53%, Black = 70%.} 1/2-1/2

[Event "Chess House GM-Tourney 2018"]
[Site "Aarhus"]
[Date "2018.02.14"]
[Round "5"]
[White "Teplyi, Igor"]
[Black "Olsen, Filip Boe"]
[Result "1/2-1/2"]
[WhiteElo "2402"]
[BlackElo "2300"]
[Annotator "TA"]
[PlyCount "61"]
[EventDate "2018.??.??"]
[EventType "tourn"]
[EventCountry "DEN"]
[SourceTitle "playchess.com"]
[Source "ChessBase"]
[SourceQuality "1"]

{[%evp 22,61,19,11,137,143,141,0,0,0,0,0,0,0,0,-47,-27,-39,0,-27,0,-27,-10,-13,-9,-27,-13,-37,-15,-12,-12,-12,-4,-9,-10,-19,-2,-8,0,0,-3,-4]} 1. d4 d5 2. c4 e6 3. Nf3 Nf6 4. Nc3 c6 5. Bg5 h6 6. Bxf6 Qxf6 7. Qb3 dxc4 8. Qxc4 Nd7 9. Rd1 g6 {D43: Semi-Slav: 5 Bg5 h6} (9... Rb8 10. g3 Qd8 11. Bg2 Be7 12. O-O b5 13. Qd3 O-O 14. Ne4 Qa5 15. Nc5 Nxc5 16. dxc5 Bf6 17. Qd6 {1-0 (58) Akobian,V (2645)-Shankland,S (2666) Saint Louis 2017}) 10. e4 e5 11. d5 Nb6 12. Qb3 {LiveBook: 4 Games. next dxc6 is good for White.} Bg4 (12... Bd6 $11) 13. dxc6 $16 bxc6 {[#]} 14. Be2 (14. Nb5 $1 $16 {[%cal Rb5c7][%mdl 512] Threatening mate with Nc7+.} Rd8 (14... cxb5 15. Bxb5+) 15. Nc7+ Ke7 16. Qa3+ Rd6 17. Be2) 14... Bc5 $11 15. O-O O-O 16. Qc2 Rfd8 17. Nd2 $146 ({Find the theoretical novelty and annotate with similar games:} 17. a3 Bxf3 18. Bxf3 Bd4 19. Be2 c5 20. a4 a5 21. Bb5 Kg7 {½-½ (21) Nordstrom,F-Ekenberg,B Lund 1974}) 17... Be6 18. Nd5 cxd5 19. Qxc5 Rdc8 20. Qd6 Rd8 21. Qa3 h5 {[%cal Bh6h5,Bh5h4][%mdl 32]} 22. exd5 Bxd5 23. g3 h4 (23... Rac8 {NOTEXT} 24. Bf3 Bxf3 25. Qxf3 Qxf3 26. Nxf3 f6) 24. Bf3 (24. Qe3 {NOTEXT} Kg7 25. b3 hxg3 26. fxg3 Qe7 27. Ba6) 24... Bxf3 (24... Nc4 {NOTEXT} 25. Nxc4 Bxf3 26. Rde1 h3 27. Re3 e4) 25. Qxf3 {The position is equal.} Qxf3 26. Nxf3 hxg3 27. hxg3 f6 28. Kg2 Na4 29. b3 Nc3 30. Rxd8+ Rxd8 31. Rc1 {Precision: White = 66%, Black = 36%.} 1/2-1/2

[Event "Chess House GM-Tourney 2018"]
[Site "Aarhus"]
[Date "2018.02.14"]
[Round "5"]
[White "Thogersen, Rasmus"]
[Black "Matthiesen, Martin"]
[Result "0-1"]
[WhiteElo "2334"]
[BlackElo "2314"]
[Annotator "TA"]
[PlyCount "78"]
[EventDate "2018.??.??"]
[EventType "tourn"]
[EventCountry "DEN"]
[SourceTitle "playchess.com"]
[Source "ChessBase"]
[SourceQuality "1"]

{[%evp 25,78,0,0,0,0,0,11,-60,-67,-67,105,91,106,103,100,94,100,98,111,98,109,109,146,131,187,184,235,211,218,215,243,199,218,146,159,152,152,160,147,0,0,0,117,0,0,-414,-410,-375,-187,-680,-505,-469,-464,-3813,-3298]} 1. e4 e5 2. Nf3 Nc6 3. Bb5 a6 4. Ba4 Nf6 5. O-O Be7 6. Re1 b5 7. Bb3 O-O 8. h3 Bb7 9. d3 d5 {C88: Closed Ruy Lopez: Anti-Marshall Systems} 10. exd5 Nxd5 11. a4 (11. Nbd2 Qd7 12. a4 Rae8 13. axb5 axb5 14. Nxe5 Nxe5 15. Rxe5 Nf6 16. Nf1 Bd6 17. Rxe8 Rxe8 {½-½ (31) Anand,V (2782)-Aronian,L (2805) London 2017}) 11... Nd4 12. Nbd2 Nxb3 13. Nxb3 f6 {LiveBook: 5 Games} 14. Na5 Qc8 15. Bd2 Rb8 16. d4 $146 {[#]} (16. Nxb7 $11 Qxb7 17. axb5 axb5 18. Nh4) ({Find the theoretical novelty and annotate with similar games:} 16. Nxb7 Qxb7 17. axb5 axb5 {½-½ (37) Schuller,J (2422)-Hill,G (2410) ICCF email 2016}) 16... e4 $1 $15 {[%cal Re4f3][%mdl 512]} 17. Nh2 (17. Rxe4 Nc3) 17... c5 $2 (17... f5 $15) 18. axb5 axb5 19. Nxb7 Qxb7 20. Rxe4 f5 21. Re1 cxd4 22. Qe2 Qc6 23. Nf3 Bc5 24. Qd3 Rbd8 (24... Nb4 $16 25. Qb3+ Qd5) 25. Re5 $18 Kh8 (25... Nc7 $142 26. Rae1 (26. Rxf5 Rxf5 27. Qxf5 Qd5 $18) 26... Rd5 27. Rxd5 Nxd5) 26. Rxf5 (26. Nxd4 $6 Bxd4 27. Qxd4 Nf6 $16) 26... Rxf5 27. Qxf5 Nf6 28. Ng5 Re8 29. Ra5 h6 30. Nf7+ Kg8 31. Qg6 Kf8 {Black wants to play ...Qe4.} 32. Nh8 (32. Nxh6 $1 $16 gxh6 33. Bxh6+ Ke7 34. Bg5) 32... Kg8 $1 $11 {[%cal Rg8h8]} 33. Nf7 (33. b4 $11 Bb6 34. Nf7 Bxa5 35. Nxh6+ (35. bxa5 h5 $11) 35... Kh8 36. Nf7+ (36. bxa5 gxh6 37. Qxh6+ Kg8 $11) 36... Kg8 37. bxa5) 33... Kf8 $1 $16 {[#] White should prevent ...Qe4.} 34. Nh8 (34. Nxh6 $1 $16 gxh6 35. Bxh6+ Ke7 36. Bg5) 34... Kg8 $1 $11 {[%cal Rg8h8]} 35. Bxh6 $2 {[%mdl 8192] [#]} ({Not} 35. Nf7 d3 $18) (35. b4 $11 {and White stays safe.} Bb6 36. Nf7 Bxa5 37. Nxh6+ (37. bxa5 h5 $11) 37... Kh8 38. Nf7+ (38. bxa5 gxh6 39. Qxh6+ Kg8 $11) 38... Kg8 39. bxa5) 35... Re1+ $1 $19 36. Kh2 {[%csl Gh6][%cal Rg6g7]} Re7 (36... Bd6+ $142 37. f4 Re7) 37. b4 $2 (37. Bf4) 37... Bxb4 {Black is clearly winning.} 38. Ra1 Kxh8 39. Bg5 {[#]} (39. Bf4 $142 Bc5 40. Qd3) 39... Ng4+ $1 {[%mdl 512] Precision: White = 35%, Black = 48%.} 0-1

[Event "Chess House GM-Tourney 2018"]
[Site "Aarhus"]
[Date "2018.02.15"]
[Round "6"]
[White "Miedema, David"]
[Black "Thogersen, Rasmus"]
[Result "1-0"]
[WhiteElo "2371"]
[BlackElo "2334"]
[Annotator "TA"]
[PlyCount "103"]
[EventDate "2018.??.??"]
[EventType "tourn"]
[EventCountry "DEN"]
[SourceTitle "playchess.com"]
[Source "ChessBase"]
[SourceQuality "1"]

{[%evp 20,103,0,0,0,4,4,-39,-19,-18,-20,-58,-9,-9,30,27,42,24,44,-36,0,0,0,-11,66,62,79,86,81,0,-8,-152,-39,-73,-79,-79,0,-65,0,0,0,0,0,0,0,0,0,0,0,0,0,0,0,0,0,0,0,0,20,20,21,21,1459,1321,858,602,2025,1783,1940,1840,1848,1649,1482,1320,2012,1745,29971,29974,29978,29979,29979,29978,29978,29979,29982,29983]} 1. d4 Nf6 2. c4 g6 3. f3 Bg7 4. e4 d6 5. Nc3 O-O 6. Be3 c5 7. dxc5 dxc5 8. Qxd8 Rxd8 9. Bxc5 Nc6 10. Nge2 b6 11. Ba3 $1 a5 {E81: King's Indian: Sämisch: 6th move deviations (including 6 Be3 c6)} (11... Bb7 12. Rd1 Nd7 13. Nd5 Nde5 14. Nec3 e6 15. Ne7+ Nxe7 16. Bxe7 Rdc8 17. c5 bxc5 18. Be2 c4 19. Bd6 {0-1 (69) Mchedlishvili,M (2618)-Bacrot,E (2720) Tromsoe 2014}) 12. Na4 Rb8 13. Nc1 $146 ({Predecessor:} 13. Rd1 Bd7 14. Nec3 Nb4 15. Bxb4 axb4 16. Nb5 Ne8 17. Be2 Nd6 18. b3 Be8 19. g3 Nxb5 20. cxb5 {½-½ (31) Garcia,H (2108)-Slawinski,T (2362) ICCF email 2015}) 13... Bd7 {[%mdl 1024] [#] ...Nd4 is the strong threat.Black is slightly better. Black has compensation.} 14. Nc3 {[%cal Ba4c3,Bc3d5,Bd5e7,Be7c6][%mdl 32]} Nb4 15. Bd3 Nh5 {Threatening ...Nf4.} 16. Nd5 b5 17. Nxe7+ Kh8 {And now ...bxc4 would win.} 18. Bxb4 $1 axb4 19. c5 ({Better is} 19. Ne2 $14) 19... Bxb2 20. Rb1 Bc3+ 21. Kf1 Be6 (21... Ra8 $11) 22. Nc6 $14 Rxd3 23. Nxd3 Bc4 {[#]} 24. Kf2 ({Reject} 24. Ncxb4 Nf4 $15) (24. Rd1 $1 $16 Rc8 25. Na5 (25. Ncxb4 Bxb4 26. Kf2 Bxd3 $17)) 24... Bxd3 $11 25. Rhd1 (25. Nxb8 $11 Bd4+ 26. Ke1 Bxb1 27. c6 Bxa2 28. Nd7) 25... Rc8 (25... Bxb1 $17 26. Nxb8 Bxa2) 26. Ne7 Bd4+ 27. Ke1 Bc3+ 28. Kf2 Re8 (28... Bxb1 $15 29. Nxc8 Bxa2) 29. Rxd3 Rxe7 30. a3 {aiming for g3.} Nf4 31. Rd8+ Kg7 32. axb4 Ra7 33. g3 Ra2+ 34. Ke3 Ng2+ 35. Kd3 Rd2+ 36. Kxc3 Rxd8 {[%mdl 4096] Endgame KRN-KR} 37. Ra1 h5 38. Ra5 Ne1 39. Rxb5 {Strongly threatening c6.} Nxf3 40. c6 {[%cal Bc5c6,Bc6c7][%mdl 32] Hoping for c7.} Nxh2 $2 {[%mdl 8192]} (40... Kf6 $11) 41. c7 $18 Rc8 42. Rc5 Ng4 {White must now prevent ...Nf6.} 43. b5 Nf6 44. b6 Nxe4+ 45. Kd4 Nd6 46. Kd5 Ne8 47. Kc6 Nxc7 48. bxc7 {White mates.} f5 49. Kd7 Rxc7+ 50. Kxc7 Kf6 51. Kd6 g5 52. Kd5 {Precision: White = 67%, Black = 34%.} 1-0

[Event "Chess House GM-Tourney 2018"]
[Site "Aarhus"]
[Date "2018.02.15"]
[Round "6"]
[White "Bjerre, Jonas Buhl"]
[Black "Thybo, Jesper Sondergaard"]
[Result "1/2-1/2"]
[WhiteElo "2368"]
[BlackElo "2479"]
[Annotator "TA"]
[PlyCount "60"]
[EventDate "2018.??.??"]
[EventType "tourn"]
[EventCountry "DEN"]
[SourceTitle "playchess.com"]
[Source "ChessBase"]
[SourceQuality "1"]

{[%evp 21,60,12,21,0,0,0,0,0,0,0,0,0,0,-20,0,0,0,0,0,0,8,8,8,8,7,0,0,0,1,0,0,0,0,0,0,0,0,0,10,0,14]} 1. e4 c6 2. d4 d5 3. Nc3 dxe4 4. Nxe4 Nf6 5. Nxf6+ exf6 6. c3 Bd6 7. Bd3 O-O 8. Qc2 Re8+ {B15: Caro-Kann: 3 Nc3: 3...g6 and 3...dxe4 4 Nxe4 Nf6 5 Nxf6+ exf6} 9. Ne2 h5 10. Be3 Nd7 {[%cal Bb8d7,Bd7b6,Bb6d5][%mdl 32]} 11. Ng3 Nb6 {LiveBook: 3 Games. The position is equal.} 12. Nxh5 $146 ({Find the theoretical novelty and annotate with similar games:} 12. O-O-O h4 13. Ne4 Nd5 14. Rde1 Nf4 15. Bxf4 Bxf4+ 16. Kb1 f5 {0-1 (47) Paehtz,E (2464)-Grandelius,N (2647) Caleta 2018}) 12... Nd5 13. O-O $1 Bg4 14. Ng3 $1 Bxg3 15. hxg3 Nxe3 16. fxe3 Rxe3 17. Rae1 Qe7 18. Qd2 Re8 {[%cal Re3e1]} 19. Kf2 Rxe1 20. Rxe1 Qxe1+ (20... Qd8 {NOTEXT} 21. Rxe8+ Qxe8 22. Qf4 Qc8 23. a3 a5) 21. Qxe1 Rxe1 22. Kxe1 $11 {[%mdl 4096] Endgame KB-KB} Kf8 23. Kd2 Ke7 24. c4 Be6 25. b3 Kd6 26. Ke3 c5 27. Be4 b6 28. Kd3 g5 29. Bf3 Bf5+ 30. Be4 Bg4 {Precision: White = 83%, Black = 66%.} 1/2-1/2

[Event "Chess House GM-Tourney 2018"]
[Site "Aarhus"]
[Date "2018.02.15"]
[Round "6"]
[White "Matthiesen, Martin"]
[Black "Kveinys, Aloyzas"]
[Result "1-0"]
[WhiteElo "2314"]
[BlackElo "2550"]
[Annotator "TA"]
[PlyCount "141"]
[EventDate "2018.??.??"]
[EventType "tourn"]
[EventCountry "DEN"]
[SourceTitle "playchess.com"]
[Source "ChessBase"]
[SourceQuality "1"]

{[%evp 22,141,40,37,41,49,62,26,32,33,30,-25,91,74,95,102,85,85,85,43,79,80,81,85,75,86,83,75,168,55,70,59,62,45,92,85,105,91,136,122,135,104,192,116,131,118,156,140,146,53,53,59,158,136,143,139,154,150,143,72,62,41,200,169,167,156,156,159,270,272,290,268,314,312,301,306,297,297,334,283,324,231,299,131,131,113,123,110,115,86,189,203,411,401,438,430,358,229,1309,1127,1179,0,0,0,142,0,0,0,0,0,0,0,29986,29987,29992,29993,29993,29988,29988,0,29977,29978]} 1. d4 Nf6 2. c4 e6 3. Nc3 Bb4 4. Qc2 O-O 5. Nf3 c5 6. dxc5 Bxc5 7. Bf4 Nc6 8. Rd1 d5 9. a3 Be7 10. e3 Qa5 11. Nd2 Bd7 {D37: Queen's Gambit Declined: 5 Bf4} (11... e5 12. Nb3 Qb6 13. Bg5 Bg4 14. f3 dxc4 15. Bxc4 Bh5 16. e4 Rfd8 17. Bxf6 Rxd1+ 18. Qxd1 Bxf6 19. Nd5 Qd8 20. Kf2 Be7 {½-½ (48) Nyzhnyk,I (2639)-Tarjan,J (2525) Orlando 2014}) 12. Be2 {LiveBook: 3 Games} (12. Nb3 Qd8 $16) 12... Rac8 13. O-O h6 {White is slightly better.} 14. Nb3 $146 ({Find the theoretical novelty and annotate with similar games:} 14. Bg3 a6 15. Bf3 dxc4 16. Nxc4 Qc5 17. Nd6 Rb8 18. b4 {1-0 (47) Vandevoort,P (2415)-Mueller,M (2234) Germany 2006}) 14... Qb6 15. Na4 Qd8 16. Nbc5 (16. Nac5 $142) 16... e5 (16... Na5 $1 $11 17. b4 Bxa4 18. Qxa4 Bxc5 19. cxd5 Nxd5) 17. Bg3 $16 Nb8 18. Nxd7 Nbxd7 19. Qb3 dxc4 20. Bxc4 Qa5 21. Nc3 Nb6 22. Bb5 a6 23. Be2 Rfe8 24. Qa2 Bf8 (24... Qc5 $16 {was called for.}) 25. Bh4 (25. b4 $18 Bxb4 26. axb4 Qxa2 27. Nxa2) 25... g5 26. Bg3 Qc5 $1 27. Rc1 Bg7 28. h3 Red8 29. Rfd1 h5 30. h4 g4 31. Qb3 Ne8 (31... Rxd1+ $16 {was worth a try.} 32. Rxd1 Re8) 32. Kh2 (32. Bd3 $18) 32... Rxd1 33. Rxd1 ({Don't do} 33. Bxd1 Rc6 $14) 33... Nd6 34. Bd3 Qc6 35. Na2 ({White should try} 35. Bg6 $16) 35... a5 36. Nc3 Kf8 (36... a4 $14 37. Qa2 Nbc4) 37. Nb5 Nxb5 38. Bxb5 ({Reject} 38. Qxb5 $6 Qxb5 39. Bxb5 Ke7 $11) 38... Qc5 39. a4 Bf6 40. Rd2 (40. Qd3 $142) 40... Kg7 41. Bd3 Qd6 $2 {[#]} (41... Rd8 $14 42. Rc2 Qb4 43. Qxb4 axb4) 42. Bg6 $1 $40 {[%mdl 640] White goes for the king.} Qe6 (42... fxg6 43. Rxd6) 43. Qxe6 fxe6 44. Bxh5 Rc4 (44... Nxa4 $16 45. Bxg4 Nc5) 45. Rd6 Rb4 46. Rxe6 Nxa4 47. Bxe5 Bxe5+ 48. Rxe5 {[%mdl 4096] Endgame KRB-KRN} b6 49. Kg3 Nxb2 50. Bxg4 Nd3 51. Re7+ Kf6 52. Rb7 (52. Re6+ $18 {is more deadly.} Kf7 53. f4) 52... Nc5 $16 53. Rb8 a4 {Hoping for ...a3.} 54. Bf3 a3 {Threatens to win with ...a2.} 55. Bd5 $1 Ke5 (55... Rb5 $16) 56. Bg8 $18 b5 $2 (56... Ne4+ 57. Kf3 Nd2+ 58. Ke2 Rb2) 57. f4+ {[%cal Bf2f4,Bf4f5,Bf5f6,Bf6f7][%mdl 32]} Kf6 58. h5 Kg7 59. Bd5 Nb3 $2 (59... Rb2 60. Rg8+ Kh6) 60. Rb7+ Kh8 61. Bxb3 $2 ({Better is} 61. Kh4 $18 Nc5 62. Rb8+ Kh7 63. g4) 61... Rxb3 {KR-KR} 62. f5 {aiming for f6.} Rb1 (62... b4 $11 {keeps the balance.} 63. Rb8+ Kg7) 63. Ra7 (63. f6 $1 $16 Rf1 64. f7 (64. Rxb5 a2 $15)) 63... b4 $11 64. Kg4 {e4 is the strong threat.} Rg1 65. f6 {f7 would kill now.} Rxg2+ 66. Kf5 {White wants to mate with f7.} a2 $2 {[%mdl 8192] [#]} (66... Rf2+ $11 67. Kg6 Rg2+ 68. Kh6 Kg8) 67. f7 $1 Kg7 {[#]} 68. h6+ $1 {[%mdl 512]} Kf8 (68... Kxh6 69. f8=Q+) 69. h7 Rh2 {[#]} 70. h8=Q+ $1 {[%mdl 512]} Rxh8 {[#]} 71. Kg6 $1 {Precision: White = 61%, Black = 32%.} 1-0